| 000 | 00827nam a22001937a 4500 | ||
|---|---|---|---|
| 003 | AUA.1 | ||
| 005 | 20251105093143.0 | ||
| 008 | 250630b |||||||| |||| 00| 0 eng d | ||
| 040 | _cJTL | ||
| 100 | _aTefison, Théophile Jean-Baptiste | ||
| 245 |
_aYouth apostasy among Ambassador Club members in the Seventh-Day Adventist Church of Tsianaloka, South-West Malagasy Conference / _cThéophile Jean-Baptiste Tefison. |
||
| 260 | _cc2022. | ||
| 300 |
_axii, 98 leaves : _bIllustrations : _c30cm. |
||
| 610 |
_aSeventh-day Adventist Church _bSouth-West Malagasy Conference _bTsianaloka _zMadagascar |
||
| 610 |
_aSeventh-day Adventist Church _bAmbassador Club |
||
| 650 |
_aApostasy _vSeventh-day Adventists |
||
| 650 |
_aChurch work with youth _xSeventh-day Adventists |
||
| 942 |
_2aua _cPROJECT _hMA PTh _i.T44 2022 |
||
| 999 |
_c25106 _d25106 |
||